| 000 | 01267cam a2200361 a 4500 | ||
|---|---|---|---|
| 999 |
_c7333 _d7333 |
||
| 001 | .b41561843 | ||
| 003 | OSt | ||
| 005 | 20210408153921.0 | ||
| 008 | 090325s2009 spc|||| |||| 0|0|0 spa c | ||
| 015 |
_aLL2009 _2bnc |
||
| 017 |
_aDL B. 3467-2009 _aDL B. 29053-2009 _bBiblioteca de Catalunya |
||
| 020 | _a9788497887946 | ||
| 035 | _a(OCoLC)804381043 | ||
| 040 |
_aES-BaCBU _bcat _cES-BaCBU _dES-BaBC |
||
| 043 | _ae-sp--- | ||
| 080 | _a070:796.332(460) | ||
| 090 |
_aPN4784.S6 _bP35 2009 |
||
| 100 | 1 | _aPaniagua Santamaría, Pedro | |
| 245 | 1 | 0 |
_aCultura y guerra del fútbol : _banálisis del mensaje informativo / _cPedro Paniagua Santamaría ; prólogo de Álex Grijelmo |
| 260 |
_aBarcelona : _bEditorial UOC, _c2009 |
||
| 300 |
_a187 p. : _bil. ; _c24 cm |
||
| 490 | 1 |
_a[Manuales] ; _v126. _aComunicación |
|
| 500 | _aBibliografia | ||
| 500 | _aReimpressions: 2009 | ||
| 650 | 7 |
_aMitjans de comunicació de massa i esports _zEspanya _2lemac |
|
| 650 | 7 |
_aPremsa esportiva _zEspanya _2lemac |
|
| 650 | 7 |
_aFutbol _zEspanya _2lemac |
|
| 830 | 0 |
_aManuales (Editorial UOC) ; _v126 |
|
| 830 | 0 |
_aManuales (Editorial UOC). _pComunicación |
|
| 907 |
_a.b41561843 _b16-02-21 _c25-03-09 _d03-04-09 _em _fa _g- _hspa _ispc _j0 _k1 |
||
| 940 | _aBC | ||
| 942 |
_2udc _cMON |
||